DISCOVERING STATISTICS USING SPSS (Record no. 16547)

MARC details
000 -LEADER
fixed length control field 00359nam a2200145Ia 4500
008 - FIXED-LENGTH DATA ELEMENTS--GENERAL INFORMATION
fixed length control field 240624s9999 xx 000 0 und d
041 ## - LANGUAGE CODE
Language code of text/sound track or separate title eng
082 ## - DEWEY DECIMAL CLASSIFICATION NUMBER
Classification number 005.4 FIE
100 ## - MAIN ENTRY--PERSONAL NAME
Personal name FIELD ANDY
245 ## - TITLE STATEMENT
Title DISCOVERING STATISTICS USING SPSS
250 ## - EDITION STATEMENT
Edition statement (3rd ed.)
260 ## - PUBLICATION, DISTRIBUTION, ETC.
Date of publication, distribution, etc. 2009
Place of publication, distribution, etc. Los Angeles
Name of publisher, distributor, etc. Sage Publications
300 ## - PHYSICAL DESCRIPTION
Extent 856 : p.
365 ## - TRADE PRICE
Currency code BPS
Price amount 25
Holdings
Withdrawn status Lost status Damaged status Not for loan Home library Current library Shelving location Date acquired Source of acquisition Cost, normal purchase price Full call number Barcode Date last seen Copy number Price effective from Koha item type
        IMTN IMTN Rack 3-A 01/24/2011 AP 38.99 005.4 FIE 16547 06/24/2024 74.5 06/24/2024 Books
Designed & Maintained by: LRC IMT Nagpur Contact: lrc@imtnag.ac.in© 2024. All Rights Reserved.